000 00749nam a22001937a 4500
999 _c166556
_d166556
005 20190729114157.0
010 _aUR-10302
020 _c200.00
_a9789388356107
035 _aU-8857
037 _bDBAD/PUB
082 _a840.08
100 _aمر تبہ: نز ير فتح پو ر ی
245 _aمنصو ر حو شتر کی ا نفر ا د ی صلا حيت
_cمر تبہ: نز ير فتح پو ر ی
246 _bMansoor Khushter ki Inferadi Salahiyat (Urdu)
_aComp.by Nazir Fatahpuri
260 _a Delhi
_bEducational Publishing House
_c2018 ء
270 _a3191,Vakil Street,Kucha Pandit Lal Kuan,
_bDelhi
_e110006
_k23216162
_l0091-1123211540
300 _a96 ص
_c22 Cm(Hb)
942 _2ddc
_cUR
_h840.08
_mم ن ص